000 00928nam0a2200289 4500
001 RU\NLR\ONL2\13188
005 20250613131133.0
010 _a978-5-7680-2180-1
_9300
035 _a(NLR Aleph) 009660773
090 _a9612536
_c9612536
100 _a20090318d2008 |||y0rusy50 ca
101 0 _akrc
102 _aRU
105 _ay |||||||||
200 1 _aАкъ-Сууну ийнарлары
_eназмула бла поэмала
_fГуртуланы Салих
210 _aНальчик
_cЭльбрус
_d2008
215 _a263 с.
_d17
541 1 _6z01790
_aМелодии Ак-Суу
_zrus
686 1 _aШ6(2=Ба)7-5
700 1 _aГуртуланы
_bС.
_gСалих
_4070
790 1 _6z01541
_aГуртуев
_bС. С.
_gСалих Султанбекович
_4070
801 0 _aRU
_bNLR
_c20090318
_gPSBO
852 _aNLR
_bОНЛ
_jБалк./2-1163
942 _cBOOK
980 _aNB
980 _aONL_RF